000
00220nam a2200097Ia 4500
008
120527s9999 xx 000 0 und d
100
_a
DONELLAN,Craig.
245
_a
Heart Diseases.
260
_b
Independence
942
_c
BK
999
_c
23767
_d
23767